000 00566nam a2200193Ia 4500
008 131103s9999 xx 000 0 und d
040 _aLoreto College
041 _aEnglish
082 _a370.1/CHA
_bLCBED/13437
100 _aChandra, Soti Shivendra
245 _aSociology of education
_cSoti Shivendra Chandra and Rajendra K.Sharma
260 _aDelhi
_bAtlantic
_c1996
300 _aii.312 p.
_b ill., fig.,
_c 21 cm.
504 _aIncludes bibliography
650 _aEducation
700 _aSharma, Rajendra K.
850 _aLCBED/370.1/CHA
942 _cBK
999 _c26505
_d76984